Colour essentials
| Main Author: | |
|---|---|
| Format: | Book |
| Published: |
Hong Kong :
PageOne Publishers ,
2004
|
| Subjects: |
MARC
| LEADER | 00000cam a2200000 7i4500 | ||
|---|---|---|---|
| 001 | 0000026074 | ||
| 005 | 20090416.0 | ||
| 008 | 090416 | ||
| 020 | |a 9812451153 | ||
| 090 | 0 | 0 | |a 747.94 |b GED |
| 100 | 1 | |a Geddes-Brown, Leslie | |
| 245 | 1 | 0 | |a Colour essentials |c Leslie Geddes-Brown |
| 260 | |a Hong Kong : |b PageOne Publishers , |c 2004 | ||
| 650 | 0 | |a Colour in interior decoration | |
| 650 | 0 | |a Interior decoration | |
| 999 | |a 0001038957 |b Book |c Adult Collection |e Perbadanan Perpustakaan Awam Johor | ||